000 01568cab a2200253 4500
001 ABS52178
008 090401t1994 xxu||||| |||| 00| 0 eng d
035 _a(Sirsi) u64721
041 _aeng
245 _aMorbaine Ltd v SoS Environment and South Northampton DC and another
260 _c1994
350 _a0
490 _aProperty and Compensation Reports
_v(1994) 68 PCR 525-543(19)
520 _aQBD 20 December 1993. Two applications were made for planning permission to develop supermarkets in the same town by C and H. M was H`s chosen developer and had an option to purchase the site. H`s application was called in by the SoS for determination. C appealed to the council (SN) to determine its application. SN requested that C`s should also be called in and a joint application issued. The SoS refused giving no reasons. An Inspector granted planning permission to C following an inquiry. M and SN applied under Town and Country Planning Act 1990 to quash the decision. C argued that M had no right to do this as they had not been present at the inquiry. SN also applied to quash the decision of the SoS to refuse to call in C`s application as the SoS was obliged to give his reasons. SoS`s decision quashed.
650 _aCALL-IN
650 _aJUDICIAL REVIEW
650 _aMORBAINE LTD V SOS ENVIRONMENT AND SOUTH NORTHAMPTON DC
650 _aOPTION TO PURCHASE
650 _aPLANNING APPLICATIONS
650 _aTOWN AND COUNTRY PLANNING ACT 1990 S288(1)
690 _aPLANNING LAW AND PRACTICE-CASE LAW
942 _n0
948 _c04/03/1997
999 _c40324
_d40324